Databáze

Gespeichert in:
Bibliographische Detailangaben
Format: Buch
Sprache:Tschechisch
Veröffentlicht: Praha : TESLA ELTOS, 1990
Tags: Tag hinzufügen
Keine Tags, Fügen Sie das erste Tag hinzu!

MARC

LEADER 00000nam a22000003a 4500
001 stu31071
005 20150408181047.2
008 930311s1990----xr------------------cze-d
040 |a STU  |b slo 
041 0 |a cze 
044 |a xr 
080 |a 681.3.066 
245 |a Databáze 
260 |a Praha :  |b TESLA ELTOS,  |c 1990 
300 |a 250 s 
996 |b J86925  |c J*86925  |l JJK3  |s P  |a 0  |w stu31071_0001